Szczegóły MARC21

Zarządzanie nieruchomościami komercyjnymi : praca zbiorowa /

003 -Nazwa inst., której nr kontr. jest w polu 001 [,]
    • @
    • Nazwa instytucji, której n kontrolny jest w polu 001
    • NUKAT
005 -DATA I CZAS OSTATNIEJ MODYFIKACJI [,]
    • @
    • pole kontrolne
    • 20241231103425.0
020 -Międzynarod. znormalizowany nr książki - ISBN [ , ]
    • a
    • Numer ISBN
    • 8388840827 Find
020 -Międzynarod. znormalizowany nr książki - ISBN [ , ]
    • a
    • Numer ISBN
    • 9788388840821 Find
040 -Instytucja sporządzająca opis [ , ]
    • a
    • Instytucja, która sporządziła opis (NP)
    • TOR WSB/JN
    • c
    • Instytucja, która sporządziła rekord (NP)
    • TOR WSB/JN
    • d
    • Instytucja, która zmodyfikowała rekord (P)
    • TOR WSB/BA
942 -Rodzaj dokumentu [ , ]
    • c
    • Rodzaj dokumentu
    • Książka
245 -Strefa tytułu i oznaczenia odpowiedzialności [0,0]
    • a
    • Tytuł
    • Zarządzanie nieruchomościami komercyjnymi : Find
    • b
    • Ciąg dalszy tytułu (NP)
    • praca zbiorowa / Find
    • c
    • Pozostałe elementy strefy tytułu i oznaczenia odpowiedzialności (NP)
    • pod red. Iwony Foryś.
250 -Strefa wydania [ , ]
    • a
    • Oznaczenie wydania (NP)
    • Wyd. 2.
260 -Strefa adresu wydawniczego [ , ]
    • a
    • Miejsce wydania (P)
    • Warszawa :
    • b
    • Nazwa wydawcy (P)
    • Wydawnictwo "Poltext",
    • c
    • Data wydania (P)
    • 2008.
300 -Strefa opisu fizycznego [ , ]
    • a
    • Określenie formy książki i/lub objętość (NP)
    • 291, [1] s. :
    • b
    • Oznaczenie ilustracji (NP)
    • il. ;
    • c
    • Format (NP)
    • 24 cm.
336 -Typ zawartości [ , ]
    • a
    • Termin opisujący typ zawartości
    • Tekst
    • b
    • Kod określający zawartość
    • txt
    • 2
    • Źródło (terminu i kodu)
    • rdacontent
337 -Typ mediów [ , ]
    • a
    • Tryb odtwarzania
    • Bez urządzenia pośredniczącego
    • b
    • Kod typu mediów
    • n
    • 2
    • Źródło (terminu i kodu)
    • rdamedia
338 -Typ/rodzaj nośnika [ , ]
    • a
    • Hasło opisujące typ nośnika
    • Wolumin
    • b
    • Kod typu nośnika
    • nc
    • 2
    • Źródło (terminu i kodu)
    • rdacarrier
490 -Strefa serii i książki wielotomowej - forma nie do wyszukiwania [1, ]
    • a
    • Tytuł (P)
    • Nieruchomości Find
830 -Hasło dodatkowe serii i opisu książki wielotomowej - tytuł ujednolicony/tytuł [ ,0]
    • a
    • Tytuł ujednolicony/tytuł (NP)
    • Nieruchomości - Poltext
    • 9
    • KHW
    • 7504
504 -Uwaga dot. bibliogr. załącznikowej [ , ]
    • a
    • Uwaga dot. bibliografii załącznikowej
    • Bibliogr. s. [292].
080 -Uniwersalna Klasyfikacja Dziesiętna [ , ]
    • 2
    • Identyfikator wydania tablic
    • UDC-P058
    • a
    • Symbol klasyfikacji
    • 332
    • b
    • Dopowiedzenie
    • Gospodarka regionalna i terytorialna. Grunty i nieruchomości. Gospodarka mieszkaniowa.
    • x
    • Poddział wspólny
    • (07)
    • b
    • Dopowiedzenie
    • (Wydawnictwa dydaktyczne. Podręczniki).
980 -Symbol UKD [ , ]
    • a
    • UKD
    • 332(07)
700 -Hasło dodatkowe - nazwa osobowa [1, ]
    • a
    • Nazwa osobowa (NP)
    • Foryś, Iwona. Find
    • e
    • Określenie rodzaju współpracy
    • Red.
    • 9
    • KHW
    • 1172
710 -Hasło dodatkowe - nazwa ciała zbiorowego [2, ]
    • a
    • Nazwa ciała zbiorowego lub nazwa geograficzna jako pierwszy element (NP)
    • Wydawnictwo Poltext.
    • 4
    • Kod relacji
    • pbl
    • 9
    • KHW
    • 53400
920 -ISBN [ , ]
    • a
    • ISBN
    • 83-88840-82-7 Find
920 -ISBN [ , ]
    • a
    • ISBN
    • 978-83-888408-2-1 Find
Numer inwentarzowy Status udost. Data inwentaryzacji Lokalizacja
E.72060-22009-09-22BE